Central Library OPAC University of Rajshahi

Marketing research / (Record no. 15854)

MARC details
000 -LEADER
fixed length control field 00736nam a2200241 a 4500
001 - CONTROL NUMBER
control field 15854
003 - CONTROL NUMBER IDENTIFIER
rucl marc code BD-RjUL
005 - DATE AND TIME OF LATEST TRANSACTION
control field 20211208235910.0
008 - FIXED-LENGTH DATA ELEMENTS--GENERAL INFORMATION
fixed length control field 170502s1957 nyua 001 0 eng d
035 ## - SYSTEM CONTROL NUMBER
System control number (BD-RjUL)15909
040 ## - CATALOGING SOURCE
Original cataloging agency DLC
Transcribing agency DLC
Modifying agency BD-RjUL
-- BD-RjUL
Language of cataloging eng
041 ## - LANGUAGE CODE
Language code of text/sound track or separate title eng
082 00 - DEWEY DECIMAL CLASSIFICATION NUMBER
Classification number 658.83
Author mark and year CRM 1957
Edition number 23
100 1# - MAIN ENTRY--PERSONAL NAME
Personal name Crisp, Richard D.
9 (RLIN) 48557
245 00 - TITLE STATEMENT
Title Marketing research /
Statement of responsibility, etc. Richard D. Crisp
260 ## - PUBLICATION, DISTRIBUTION, ETC. (IMPRINT)
Place of publication, distribution, etc. New York :
Name of publisher, distributor, etc. McGraw-Hill,
Date of publication, distribution, etc. 1957.
300 ## - PHYSICAL DESCRIPTION
Pagination xii, 798 p. :
Illustrations ill. ;
Size 24 cm.
490 0# - SERIES STATEMENT
Series statement McGraw-Hill series in marketing and advertising
500 ## - GENERAL NOTE
General note Includes index.
650 #0 - SUBJECT ADDED ENTRY--TOPICAL TERM
Topical term or geographic name as entry element Marketing research.
9 (RLIN) 49168
830 ## - SERIES ADDED ENTRY--UNIFORM TITLE
Uniform title McGraw-Hill series in marketing and advertising
942 ## - ADDED ENTRY ELEMENTS (KOHA)
Source of classification or shelving scheme Dewey Decimal Classification
Koha item type Books
Holdings
Lost status Source of classification or shelving scheme Damaged status Not for loan Collection code Permanent Location Current Location Shelving location Date acquired Source of acquisition Cost, normal purchase price Total Checkouts Full call number Date last seen Copy number Koha item type
  Dewey Decimal Classification   Not For Loan Non-fiction Central Library, University of Rajshahi Central Library, University of Rajshahi Reading Room 08/12/2021 Zeithenger 62.00   658.83 CRM 1957 02/05/2017 C-1 Books
  Dewey Decimal Classification     Non-fiction Central Library, University of Rajshahi Central Library, University of Rajshahi   30/10/1965 Zeitlinger 66.00   658.83 CRM 1957 29/10/2019 C-2 Books
  Dewey Decimal Classification     Non-fiction Central Library, University of Rajshahi Central Library, University of Rajshahi   04/02/1963 Zeitlinger 62.00   658.83 CRM 1957 29/10/2019 C-3 Books
  Dewey Decimal Classification     Non-fiction Central Library, University of Rajshahi Central Library, University of Rajshahi   30/10/1965 Zeitlinger 66.00   658.83 CRM 1957 29/10/2019 C-4 Books
  Dewey Decimal Classification     Non-fiction Central Library, University of Rajshahi Central Library, University of Rajshahi   02/01/1965 Zeitlinger 66.00   658.83 CRM 1957 30/10/2019 C-5 Books